<?xml version="1.0" encoding="UTF-8"?>
<record
    xmlns:xsi="http://www.w3.org/2001/XMLSchema-instance"
    xsi:schemaLocation="http://www.loc.gov/MARC21/slim http://www.loc.gov/standards/marcxml/schema/MARC21slim.xsd"
    xmlns="http://www.loc.gov/MARC21/slim">

  <leader>01162nam a22001697a 4500</leader>
  <controlfield tag="008">120806t        xxu||||| |||| 00| 0 eng d</controlfield>
  <datafield tag="020" ind1=" " ind2=" ">
    <subfield code="a">1418836265</subfield>
  </datafield>
  <datafield tag="050" ind1=" " ind2=" ">
    <subfield code="a">QA76.64.F37</subfield>
  </datafield>
  <datafield tag="100" ind1=" " ind2=" ">
    <subfield code="a">Farrell, Joyce</subfield>
  </datafield>
  <datafield tag="245" ind1=" " ind2=" ">
    <subfield code="a">Object-oriented programming using c++. /</subfield>
    <subfield code="c">Joyce Farrell</subfield>
  </datafield>
  <datafield tag="260" ind1=" " ind2=" ">
    <subfield code="a">Australia:</subfield>
    <subfield code="b">Thomson Course Technology,</subfield>
    <subfield code="c">2007.</subfield>
  </datafield>
  <datafield tag="300" ind1=" " ind2=" ">
    <subfield code="a">xx,731 p.:</subfield>
    <subfield code="b">ill.;</subfield>
    <subfield code="c">24cm.</subfield>
  </datafield>
  <datafield tag="500" ind1=" " ind2=" ">
    <subfield code="a">Includes glossary and Index</subfield>
  </datafield>
  <datafield tag="505" ind1=" " ind2=" ">
    <subfield code="a">Contents: An Overview of object-oriented programming and c++ -- Evaluating c++ expressions -- Making desicions -- Performing loops -- Understanding arrays , strings and pointers -- Using c++ functions -- Using classes -- Class features and design issues -- Understanding friends and overloading operators -- Understanding inheritance -- Using templates -- Handling exceptions -- Advanced input and output -- Advanced topics -- Appendix A: Getting started with microsoft visual studio 2005 -- Appendix B: Getting started with other c++ compilers --  Appendix C: Operator precedence and associativity -- Appendix D: Formatting output -- Appendix E: Generating random numbers.</subfield>
  </datafield>
  <datafield tag="650" ind1=" " ind2=" ">
    <subfield code="a">Computer programming</subfield>
  </datafield>
  <datafield tag="942" ind1=" " ind2=" ">
    <subfield code="2">lcc</subfield>
    <subfield code="c">BK</subfield>
  </datafield>
  <datafield tag="999" ind1=" " ind2=" ">
    <subfield code="c">1933</subfield>
    <subfield code="d">9433</subfield>
  </datafield>
  <datafield tag="952" ind1=" " ind2=" ">
    <subfield code="0">0</subfield>
    <subfield code="1">0</subfield>
    <subfield code="2">lcc</subfield>
    <subfield code="4">0</subfield>
    <subfield code="7">0</subfield>
    <subfield code="a">WIUC-1</subfield>
    <subfield code="b">WIUC-1</subfield>
    <subfield code="c">GEN</subfield>
    <subfield code="d">2012-08-06</subfield>
    <subfield code="l">0</subfield>
    <subfield code="o">QA76.64.F37</subfield>
    <subfield code="p">6053/12</subfield>
    <subfield code="r">2012-08-06 00:00:00</subfield>
    <subfield code="t">1</subfield>
    <subfield code="w">2012-08-06</subfield>
    <subfield code="y">BK</subfield>
  </datafield>
  <datafield tag="952" ind1=" " ind2=" ">
    <subfield code="0">0</subfield>
    <subfield code="1">0</subfield>
    <subfield code="2">lcc</subfield>
    <subfield code="4">0</subfield>
    <subfield code="7">0</subfield>
    <subfield code="a">WIUC-1</subfield>
    <subfield code="b">WIUC-1</subfield>
    <subfield code="c">GEN</subfield>
    <subfield code="d">2012-08-06</subfield>
    <subfield code="l">0</subfield>
    <subfield code="o">QA76.64.F371</subfield>
    <subfield code="p">6054/12</subfield>
    <subfield code="r">2012-08-06 00:00:00</subfield>
    <subfield code="t">2</subfield>
    <subfield code="w">2012-08-06</subfield>
    <subfield code="y">BK</subfield>
  </datafield>
  <datafield tag="952" ind1=" " ind2=" ">
    <subfield code="0">0</subfield>
    <subfield code="1">0</subfield>
    <subfield code="2">lcc</subfield>
    <subfield code="4">0</subfield>
    <subfield code="7">0</subfield>
    <subfield code="a">WIUC-1</subfield>
    <subfield code="b">WIUC-1</subfield>
    <subfield code="c">GEN</subfield>
    <subfield code="d">2012-08-06</subfield>
    <subfield code="l">0</subfield>
    <subfield code="o">QA76.64.F372</subfield>
    <subfield code="p">6055/12</subfield>
    <subfield code="r">2012-08-06 00:00:00</subfield>
    <subfield code="t">3</subfield>
    <subfield code="w">2012-08-06</subfield>
    <subfield code="y">BK</subfield>
  </datafield>
  <datafield tag="952" ind1=" " ind2=" ">
    <subfield code="0">0</subfield>
    <subfield code="1">0</subfield>
    <subfield code="2">lcc</subfield>
    <subfield code="4">0</subfield>
    <subfield code="7">0</subfield>
    <subfield code="a">WIUC-1</subfield>
    <subfield code="b">WIUC-1</subfield>
    <subfield code="c">GEN</subfield>
    <subfield code="d">2012-08-06</subfield>
    <subfield code="l">0</subfield>
    <subfield code="o">QA76.64.F373</subfield>
    <subfield code="p">6056/12</subfield>
    <subfield code="r">2012-08-06 00:00:00</subfield>
    <subfield code="t">4</subfield>
    <subfield code="w">2021-04-14</subfield>
    <subfield code="y">BK</subfield>
  </datafield>
  <datafield tag="952" ind1=" " ind2=" ">
    <subfield code="0">0</subfield>
    <subfield code="1">0</subfield>
    <subfield code="2">lcc</subfield>
    <subfield code="4">0</subfield>
    <subfield code="7">0</subfield>
    <subfield code="a">WIUC-1</subfield>
    <subfield code="b">WIUC-1</subfield>
    <subfield code="c">GEN</subfield>
    <subfield code="d">2012-08-07</subfield>
    <subfield code="l">0</subfield>
    <subfield code="o">QA76.64.F374</subfield>
    <subfield code="p">6057/12</subfield>
    <subfield code="r">2012-08-07 00:00:00</subfield>
    <subfield code="t">5</subfield>
    <subfield code="w">2012-08-07</subfield>
    <subfield code="y">BK</subfield>
  </datafield>
</record>
